| 000 -LEADER |
| fixed length control field |
01429nam a22002417a 4500 |
| 003 - CONTROL NUMBER IDENTIFIER |
| control field |
OSt |
| 005 - DATE AND TIME OF LATEST TRANSACTION |
| control field |
20241004091726.0 |
| 008 - FIXED-LENGTH DATA ELEMENTS--GENERAL INFORMATION |
| fixed length control field |
241004b ||||| |||| 00| 0 eng d |
| 020 ## - INTERNATIONAL STANDARD BOOK NUMBER |
| International Standard Book Number |
9780241647561 |
| 040 ## - CATALOGING SOURCE |
| Transcribing agency |
KH8 |
| 082 ## - DEWEY DECIMAL CLASSIFICATION NUMBER |
| Classification number |
FIC RIO |
| 100 ## - MAIN ENTRY--PERSONAL NAME |
| Personal name |
Riordan, Rick, |
| Relator term |
author. |
| 245 ## - TITLE STATEMENT |
| Title |
Percy Jackson and the Olympians: |
| Remainder of title |
The Chalice of the Gods / |
| Statement of responsibility, etc. |
Rick Riordan. |
| 260 ## - PUBLICATION, DISTRIBUTION, ETC. |
| Place of publication, distribution, etc. |
London; |
| Name of publisher, distributor, etc. |
Puffin Books, |
| Date of publication, distribution, etc. |
2023. |
| 300 ## - PHYSICAL DESCRIPTION |
| Extent |
267 pages : |
| Dimensions |
24 cm. |
| 440 ## - SERIES STATEMENT/ADDED ENTRY--TITLE |
| Title |
Percy Jackson and the Olympians |
| 520 ## - SUMMARY, ETC. |
| Summary, etc. |
The original heroes from The Lightning Thief are reunited for their biggest challenge yet- getting Percy to college when the gods are standing in his way. The original heroes from The Lightning Thief are reunited for their biggest challenge yet- getting Percy to college when the gods are standing in his way. After saving the world multiple times, Percy Jackson is hoping to have a normal senior year. Unfortunately, the gods aren't quite done with him. Percy will have to fulfil three quests in order to get the necessary three letters of recommendation from Mount Olympus for college. The first quest is to help Zeus's cup-bearer retrieve his goblet before it falls into the wrong hands. Can Percy, Grover, and Annabeth find it in time? |
| 650 ## - SUBJECT ADDED ENTRY--TOPICAL TERM |
| Topical term or geographic name entry element |
Action and adventure fiction |
| 650 ## - SUBJECT ADDED ENTRY--TOPICAL TERM |
| Topical term or geographic name entry element |
Children's stories |
| 650 ## - SUBJECT ADDED ENTRY--TOPICAL TERM |
| Topical term or geographic name entry element |
Fantasy stories |
| 830 ## - SERIES ADDED ENTRY--UNIFORM TITLE |
| Uniform title |
Percy jackson and the olympians |
| 942 ## - ADDED ENTRY ELEMENTS (KOHA) |
| Source of classification or shelving scheme |
|
| Koha item type |
Books - Fiction |